Michal Melišek zakladateľ časopisu Posol

Bibliographic Details
Main Author: Kardiak, Radovan (Author)
Format: Book
Language:Slovak
PhysicalDescription:15 strán fotografie 15 cm
Published: Radava Obec Radava 2017
ISBN:9788097290054
Edition:Prvé vydanie
Subjects:

MARC

LEADER 00000cam a22000005 4500
001 vtls011912755
003 SK-MaSNL
005 20260301225248.0
008 210701s2017 xo o grh 000 0bslo
015 |a SNBA2017 
020 |a 9788097290054  |q (brožované) 
035 |a urn:nbn:sk:snk-am00fbp3 
035 |a urn:nbn:sk:snk-am3ipyc 
035 |a CEFEF288-6ADB-4987-924C-B3A69899ED6D 
040 |a SNK  |b slo  |c SNK  |e rda 
041 0 |a slo 
044 |a xo  |c SK 
072 7 |a 27-78  |x Kresťanské združenia, spolky a organizácie. Rehoľné rády  |2 konspekt 
072 7 |a 929  |x Biografie  |2 konspekt 
080 |a 27-789.325  |2 2011 
080 |a 929(092)  |2 2011 
080 |a (082.2)  |2 2011 
100 1 |a Kardiak, Radovan  |4 aut  |9 618588 
245 1 0 |a Michal Melišek  |b zakladateľ časopisu Posol  |c Radovan Kardiak 
250 |a Prvé vydanie 
264 1 |a Radava  |b Obec Radava  |c 2017 
300 |a 15 strán  |b fotografie  |c 15 cm 
336 |a text  |b txt  |2 rdacontent 
337 |a bez média  |b n  |2 rdamedia 
338 |a zväzok  |b nc  |2 rdacarrier 
600 1 7 |a Melišek, Michal,  |d 1854-1917  |2 SNKMA  |9 618589 
650 0 7 |a Capuchins  |2 SNKPHeng  |9 275937 
650 0 7 |a kapucíni  |2 SNKPH  |9 49892 
650 0 7 |a Posol (časopis nábož. slovenský)  |2 SNKPH  |9 618590 
655 7 |a biografie  |2 SNKPH  |9 27965 
655 7 |a Biography  |2 SNKPHeng  |9 266314 
655 7 |a jubilejné publikácie  |2 SNKPH  |9 70339 
655 7 |a Jubilee books  |2 SNKPHeng  |9 281827 
919 |a 978-80-972900-5-4 
958 |a OND 
958 |a NT 
958 |a BX 
999 |c 950264  |d 952194 
952 |a SNK  |b SNK  |y PREZ  |7 0  |p 17A1391362  |o snkSE 13809  |i snk2020/1434  |8 1  |0 0  |1 0  |4 0  |d 2020-01-23  |f 1  |l 0  |r 2026-02-24 09:46:18  |w 2026-02-24